[Event "43rd Guernsey International Open"]
[Site "?"]
[Date "2017.10.16"]
[Round "2"]
[White "Canonne, Antoine"]
[Black "Curtis, John E"]
[Result "1/2-1/2"]
[WhiteElo "1893"]
[BlackElo "2093"]
[PlyCount "40"]
[EventDate "2017.10.15"]
[EventType "swiss"]
[EventRounds "7"]
[SourceDate "2017.11.01"]
[SourceVersionDate "2017.11.01"]

1. e4 d6 2. d4 Nf6 3. Nc3 e5 4. dxe5 dxe5 5. Qxd8+ Kxd8 6. Bg5 Be6 7. O-O-O+
Kc8 8. f3 Nbd7 9. Be3 c6 10. g3 Bc5 11. Bxc5 Nxc5 12. Nh3 h6 13. Nf2 Kc7 14.
Nd3 Nfd7 15. Nxc5 Nxc5 16. Bd3 b5 17. b3 Rhd8 18. Be2 f6 19. Rxd8 Rxd8 20. Rd1
Rxd1+ 1/2-1/2

[Event "43rd Guernsey International Open"]
[Site "?"]
[Date "2017.10.16"]
[Round "2"]
[White "Reijneveld, Ad"]
[Black "Fassaert, Desire JM"]
[Result "1/2-1/2"]
[WhiteElo "2078"]
[BlackElo "1923"]
[PlyCount "52"]
[EventDate "2017.10.15"]
[EventType "swiss"]
[EventRounds "7"]
[SourceDate "2017.11.01"]
[SourceVersionDate "2017.11.01"]

1. e4 c6 2. d4 d5 3. e5 Bf5 4. Nf3 e6 5. Be2 Nd7 6. O-O Ne7 7. Nbd2 Bg6 8. Nb3
Nf5 9. Bd2 Be7 10. a4 O-O 11. a5 c5 12. dxc5 Nxc5 13. Nxc5 Bxc5 14. b4 Be7 15.
g4 Nh4 16. Nd4 Rc8 17. a6 b6 18. Bb5 Qc7 19. Qe2 h6 20. Rac1 Bh7 21. c4 dxc4
22. Rxc4 Qd8 23. Rxc8 Qxd4 24. Rxf8+ Bxf8 25. Be1 Be4 26. Bc3 Qxc3 1/2-1/2

[Event "43rd Guernsey International Open"]
[Site "?"]
[Date "2017.10.16"]
[Round "2"]
[White "Schadd, Jan"]
[Black "Kraft, Karl Heinz"]
[Result "1/2-1/2"]
[WhiteElo "1869"]
[BlackElo "2036"]
[PlyCount "56"]
[EventDate "2017.10.15"]
[EventType "swiss"]
[EventRounds "7"]
[SourceDate "2017.11.01"]
[SourceVersionDate "2017.11.01"]

1. d4 f5 2. Bg5 g6 3. Nc3 Bg7 4. e4 fxe4 5. Nxe4 d5 6. Nc3 Nh6 7. Qd2 Nf7 8.
Bf4 c6 9. Nf3 Bf5 10. O-O-O Nd7 11. h3 Nf6 12. Ne5 O-O 13. Nxf7 Rxf7 14. f3 Qf8
15. g4 Bd7 16. Be5 Ne8 17. f4 Bxe5 18. fxe5 Nc7 19. Bd3 Rf2 20. Qe3 Rf3 21. Qd2
Qf4 22. Rdf1 Qxd2+ 23. Kxd2 Raf8 24. Rxf3 Rxf3 25. Ke2 Rf4 26. Ke3 Ne6 27. Ne2
Rf8 28. h4 Kg7 1/2-1/2

[Event "43rd Guernsey International Open"]
[Site "?"]
[Date "2017.10.16"]
[Round "2"]
[White "Hawkins, James NH"]
[Black "Havenaar, Jan"]
[Result "1/2-1/2"]
[WhiteElo "1920"]
[BlackElo "2030"]
[PlyCount "25"]
[EventDate "2017.10.15"]
[EventType "swiss"]
[EventRounds "7"]
[SourceDate "2017.11.01"]
[SourceVersionDate "2017.11.01"]

1. e4 g6 2. d4 Bg7 3. Nc3 d6 4. Nf3 a6 5. a4 Nc6 6. h3 e5 7. dxe5 Nxe5 8. Nxe5
Bxe5 9. Ra3 Bd7 10. Bc4 Bc6 11. O-O Qd7 12. f4 Bf6 13. Nd5 1/2-1/2

[Event "43rd Guernsey International Open"]
[Site "?"]
[Date "2017.10.16"]
[Round "2"]
[White "Thurlow, Kevin J"]
[Black "Winter, Kevin"]
[Result "1/2-1/2"]
[WhiteElo "2009"]
[BlackElo "1774"]
[PlyCount "62"]
[EventDate "2017.10.15"]
[EventType "swiss"]
[EventRounds "7"]
[SourceDate "2017.11.01"]
[SourceVersionDate "2017.11.01"]

1. c4 e5 2. Nc3 Nc6 3. e3 f5 4. g3 Nf6 5. Bg2 Bc5 6. a3 a5 7. Nge2 O-O 8. O-O
d6 9. d4 Bb6 10. Qb3 Kh8 11. Rd1 Qe8 12. Nd5 a4 13. Qc2 Nxd5 14. cxd5 Na5 15.
dxe5 Nb3 16. Rb1 Qxe5 17. Bd2 Bd7 18. Bc3 Qe8 19. Nd4 Qf7 20. Qe2 Bxd4 21. Bxd4
Nxd4 22. Rxd4 Ra5 23. Rc1 Bb5 24. Qc2 Rc8 25. Rf4 Bd7 26. Rc4 c5 27. dxc6 bxc6
28. Bxc6 Be6 29. Bd5 Rxc4 30. Bxc4 Rc5 31. Qxa4 Rxc4 1/2-1/2

[Event "43rd Guernsey International Open"]
[Site "?"]
[Date "2017.10.16"]
[Round "2"]
[White "Kirby, Peter J"]
[Black "Boldt, Heinrich"]
[Result "1-0"]
[WhiteElo "1996"]
[BlackElo "1835"]
[PlyCount "63"]
[EventDate "2017.10.15"]
[EventType "swiss"]
[EventRounds "7"]
[SourceDate "2017.11.01"]
[SourceVersionDate "2017.11.01"]

1. d4 d6 2. Nf3 Nf6 3. g3 g6 4. c4 Bg7 5. Bg2 Nbd7 6. O-O O-O 7. Nc3 c6 8. e4
Qc7 9. h3 e5 10. Be3 a6 11. Rc1 Re8 12. d5 c5 13. Nd2 b6 14. a3 Nf8 15. b4 Bd7
16. Rb1 Nh5 17. Qe2 h6 18. Rb3 Rab8 19. Rfb1 Kh7 20. Qd1 f5 21. exf5 Bxf5 22.
Nce4 Nf6 23. bxc5 bxc5 24. Nxf6+ Bxf6 25. Ne4 Bg7 26. Qc2 Rxb3 27. Qxb3 Nd7 28.
Qb7 Qa5 29. Qc6 Qxa3 30. Nxd6 Bxb1 31. Nxe8 Bf5 32. g4 1-0

[Event "43rd Guernsey International Open"]
[Site "?"]
[Date "2017.10.16"]
[Round "2"]
[White "Hickman, John E"]
[Black "Bowmer, Kevin"]
[Result "0-1"]
[WhiteElo "1910"]
[BlackElo "2041"]
[PlyCount "64"]
[EventDate "2017.10.15"]
[EventType "swiss"]
[EventRounds "7"]
[SourceDate "2017.11.01"]
[SourceVersionDate "2017.11.01"]

1. e4 c5 2. Nf3 d6 3. d4 cxd4 4. Nxd4 Nf6 5. Nc3 a6 6. Be3 e5 7. Nb3 Be6 8. f3
Nbd7 9. Qd2 b5 10. O-O-O Nb6 11. Qf2 Nfd7 12. g4 Be7 13. h4 Nc4 14. Bxc4 bxc4
15. Nd2 O-O 16. g5 Qa5 17. h5 Rab8 18. Ndb1 Qb4 19. g6 Qxb2+ 20. Kd2 d5 21.
exd5 Bf5 22. Ke1 Bb4 23. Bd2 fxg6 24. h6 gxh6 25. Rxh6 Rbe8 26. Qh2 Nf6 27. Ne4
Bxe4 28. fxe4 Ng4 29. Qh4 Nxh6 30. c3 Bc5 31. Qxh6 Qc2 32. Be3 Rf1+ 0-1

[Event "43rd Guernsey International Open"]
[Site "?"]
[Date "2017.10.16"]
[Round "2"]
[White "Brookfield, Toby"]
[Black "Taylor, Mark V"]
[Result "1-0"]
[WhiteElo "1859"]
[BlackElo "2015"]
[PlyCount "42"]
[EventDate "2017.10.15"]
[EventType "swiss"]
[EventRounds "7"]
[SourceDate "2017.11.01"]
[SourceVersionDate "2017.11.01"]

1. e4 e6 2. d4 d5 3. Nc3 Bb4 4. e5 c5 5. a3 Bxc3+ 6. bxc3 Ne7 7. h4 Nbc6 8. h5
h6 9. Nf3 Qa5 10. Bd2 Bd7 11. dxc5 O-O-O 12. Bd3 f6 13. Qe2 Rhf8 14. O-O Qxc5
15. Rfb1 fxe5 16. Be3 d4 17. cxd4 exd4 18. Bd2 Qxh5 19. Rb5 Nd5 20. Rab1 b6 21.
Be4 Nc7 1-0

[Event "43rd Guernsey International Open"]
[Site "?"]
[Date "2017.10.16"]
[Round "2"]
[White "Goris, Ton"]
[Black "Van Hoek, Wim"]
[Result "1-0"]
[WhiteElo "2006"]
[BlackElo "1907"]
[PlyCount "51"]
[EventDate "2017.10.15"]
[EventType "swiss"]
[EventRounds "7"]
[SourceDate "2017.11.01"]
[SourceVersionDate "2017.11.01"]

1. e4 e6 2. d4 b6 3. Nf3 Bb7 4. Bd3 c5 5. c3 cxd4 6. cxd4 Bb4+ 7. Bd2 Bxd2+ 8.
Nbxd2 Ne7 9. O-O d5 10. e5 Ng6 11. g3 a5 12. Rc1 O-O 13. Bb5 Na6 14. Bc6 Bxc6
15. Rxc6 Rc8 16. Rd6 Qc7 17. Qb3 Rb8 18. Qb5 Qb7 19. Rc1 Nc7 20. Qa4 Rfc8 21.
Rd7 Nf8 22. Re7 Ng6 23. Rd7 Nf8 24. Rd6 Ne8 25. Rdc6 Nc7 26. Qc2 1-0

[Event "43rd Guernsey International Open"]
[Site "?"]
[Date "2017.10.16"]
[Round "2"]
[White "Campbell, Ian"]
[Black "Von Saldern, Ruediger"]
[Result "1-0"]
[WhiteElo "1990"]
[BlackElo "1894"]
[PlyCount "89"]
[EventDate "2017.10.15"]
[EventType "swiss"]
[EventRounds "7"]
[SourceDate "2017.11.01"]
[SourceVersionDate "2017.11.01"]

1. d4 d5 2. Bf4 Nf6 3. e3 e6 4. Bd3 Bd6 5. Bg3 O-O 6. Nd2 c5 7. c3 Re8 8. Ngf3
Nc6 9. Ne5 Bxe5 10. dxe5 Nd7 11. f4 d4 12. exd4 cxd4 13. Qc2 g6 14. Ne4 dxc3
15. Qxc3 Qb6 16. Bf2 Qb4 17. O-O Qxc3 18. bxc3 Rf8 19. Rad1 f5 20. Nd6 Nb6 21.
c4 Rb8 22. Bc2 Bd7 23. Bxb6 axb6 24. Nxf5 Be8 25. Nd6 Na5 26. Rb1 Bc6 27. Rxb6
Rbd8 28. Rb4 Ra8 29. a4 Ra6 30. g3 Rfa8 31. Bd3 R6a7 32. Rfb1 Kf8 33. h4 Ke7
34. Kf2 Kd7 35. Ke3 Rg8 36. Be4 h6 37. Rd1 Ke7 38. Bxc6 bxc6 39. c5 g5 40. hxg5
hxg5 41. Rh1 gxf4+ 42. gxf4 Raa8 43. Rh7+ Kd8 44. f5 exf5 45. e6 1-0

[Event "43rd Guernsey International Open"]
[Site "?"]
[Date "2017.10.16"]
[Round "2"]
[White "Van der Giessen, Ada Leona"]
[Black "Van Gils, Martin"]
[Result "0-1"]
[WhiteElo "1821"]
[BlackElo "1978"]
[PlyCount "54"]
[EventDate "2017.10.15"]
[EventType "swiss"]
[EventRounds "7"]
[SourceDate "2017.11.01"]
[SourceVersionDate "2017.11.01"]

1. f4 e5 2. e4 exf4 3. Nf3 d5 4. exd5 Bd6 5. Bb5+ Bd7 6. Qe2+ Qe7 7. Nc3 Nf6 8.
Qxe7+ Kxe7 9. Bc4 Re8 10. O-O Kf8 11. d4 a6 12. Ne5 b5 13. Bb3 b4 14. Nxd7+
Nbxd7 15. Na4 Re4 16. c3 bxc3 17. bxc3 Rae8 18. Bc2 Re1 19. c4 f3 20. Rxe1
Rxe1+ 21. Kf2 Re2+ 22. Kxf3 Rxc2 23. c5 Bxh2 24. Ba3 Ke8 25. Re1+ Kd8 26. c6
Nxd5 27. cxd7 Rxa2 0-1

[Event "43rd Guernsey International Open"]
[Site "?"]
[Date "2017.10.16"]
[Round "2"]
[White "Rowe, Peter"]
[Black "Minnema, Rens"]
[Result "0-1"]
[WhiteElo "1974"]
[BlackElo "1892"]
[PlyCount "70"]
[EventDate "2017.10.15"]
[EventType "swiss"]
[EventRounds "7"]
[SourceDate "2017.11.01"]
[SourceVersionDate "2017.11.01"]

1. d4 d6 2. Nf3 g6 3. Bf4 Bg7 4. e3 Nf6 5. Be2 O-O 6. h3 c5 7. c3 cxd4 8. exd4
Nd5 9. Bh2 Bh6 10. Bc4 Nf4 11. Bxf4 Bxf4 12. g3 Bh6 13. Nbd2 Bf5 14. g4 Bd7 15.
g5 Bg7 16. h4 Bg4 17. Qc2 Nc6 18. O-O-O d5 19. Be2 Rc8 20. Qa4 a6 21. Rdg1 Bd7
22. Qd1 Nxd4 23. Nxd4 Bxd4 24. Nb3 Bxf2 25. Rf1 Be3+ 26. Kb1 e5 27. Rf6 d4 28.
cxd4 exd4 29. Rhf1 Bh3 30. R1f3 Bg2 31. Rg3 Be4+ 32. Bd3 Bxd3+ 33. Qxd3 Qc7 34.
Rxe3 dxe3 35. Qxe3 Qc2+ 0-1

[Event "43rd Guernsey International Open"]
[Site "?"]
[Date "2017.10.16"]
[Round "2"]
[White "Sedgwick, David R"]
[Black "Magnussen, Pal"]
[Result "1-0"]
[WhiteElo "1972"]
[BlackElo "1867"]
[PlyCount "55"]
[EventDate "2017.10.15"]
[EventType "swiss"]
[EventRounds "7"]
[SourceDate "2017.11.01"]
[SourceVersionDate "2017.11.01"]

1. e4 e5 2. d4 exd4 3. Qxd4 Nc6 4. Qe3 Bb4+ 5. Nc3 Nf6 6. Bd2 O-O 7. O-O-O Qe7
8. f3 Re8 9. Qf4 d6 10. Bc4 Ne5 11. Nd5 Nxd5 12. Bxd5 a5 13. a3 Bxd2+ 14. Qxd2
c6 15. Ba2 Rd8 16. f4 Ng6 17. Nf3 h6 18. Rhe1 Bg4 19. h3 Bxf3 20. gxf3 Qh4 21.
Rg1 Qf6 22. f5 Ne5 23. Qc3 Qh4 24. Qe3 Qxh3 25. f6 g5 26. Rde1 Kh7 27. Rh1 Qg3
28. Reg1 1-0

[Event "43rd Guernsey International Open"]
[Site "?"]
[Date "2017.10.16"]
[Round "2"]
[White "Shaw, Meyrick"]
[Black "Spanton, Timothy R"]
[Result "1-0"]
[WhiteElo "1954"]
[BlackElo "1858"]
[PlyCount "73"]
[EventDate "2017.10.15"]
[EventType "swiss"]
[EventRounds "7"]
[SourceDate "2017.11.01"]
[SourceVersionDate "2017.11.01"]

1. e4 e5 2. Nf3 Nc6 3. Bb5 Nf6 4. O-O Nxe4 5. Re1 Nd6 6. Nxe5 Be7 7. Bd3 Nxe5
8. Rxe5 O-O 9. Qh5 g6 10. Qh6 f5 11. Nc3 Bf6 12. Re2 Bg7 13. Qf4 Re8 14. Nd5
Rxe2 15. Bxe2 Qe8 16. Kf1 Be5 17. Qe3 f4 18. Qb3 Nf7 19. d4 Bxd4 20. Nxc7 Qd8
21. Nxa8 Qh4 22. Qf3 Qxh2 23. Bc4 Qh1+ 24. Ke2 d5 25. Bxf4 Qh4 26. Bg3 Qe7+ 27.
Kf1 dxc4 28. Re1 Qc5 29. Re8+ Kg7 30. Nc7 c3 31. Rxc8 Qc4+ 32. Kg1 cxb2 33.
Ne8+ Kh6 34. Rxc4 b1=Q+ 35. Kh2 Ng5 36. Bf4 Be5 37. Qh3# 1-0

[Event "43rd Guernsey International Open"]
[Site "?"]
[Date "2017.10.16"]
[Round "2"]
[White "Plug, Arjan"]
[Black "Marley, Andrew SG"]
[Result "0-1"]
[WhiteElo "1814"]
[BlackElo "1949"]
[PlyCount "72"]
[EventDate "2017.10.15"]
[EventType "swiss"]
[EventRounds "7"]
[SourceDate "2017.11.01"]
[SourceVersionDate "2017.11.01"]

1. e4 g6 2. Nc3 Bg7 3. g3 c5 4. Bg2 Nc6 5. d3 d6 6. Be3 Rb8 7. a4 a6 8. Nge2 b5
9. axb5 axb5 10. Qd2 Nd4 11. O-O e6 12. Nd1 b4 13. f4 Ne7 14. g4 f5 15. gxf5
exf5 16. Ng3 b3 17. c3 Nc2 18. Rc1 Qb6 19. Nf2 O-O 20. Nh3 Bb7 21. Ng5 d5 22.
Bf2 dxe4 23. dxe4 Rbd8 24. Qe2 Ba6 25. c4 Rfe8 26. e5 Nc6 27. Bd5+ Rxd5 28.
Nxf5 N6d4 29. Qd1 Bxc4 30. Bxd4 Bxf1 31. Qxf1 gxf5 32. Qc4 Red8 33. Bf2 Qb4 34.
Qa6 R5d6 35. exd6 Qxf4 36. Rd1 Qg4+ 0-1

[Event "43rd Guernsey International Open"]
[Site "?"]
[Date "2017.10.16"]
[Round "2"]
[White "Prill, Gerhard"]
[Black "Gravett, Alan D"]
[Result "1/2-1/2"]
[WhiteElo "1948"]
[BlackElo "1810"]
[PlyCount "56"]
[EventDate "2017.10.15"]
[EventType "swiss"]
[EventRounds "7"]
[SourceDate "2017.11.01"]
[SourceVersionDate "2017.11.01"]

1. e4 g6 2. d4 Bg7 3. Nf3 Nf6 4. Bd3 d6 5. O-O O-O 6. Re1 c5 7. c3 cxd4 8. cxd4
Nc6 9. h3 Nb4 10. Bf1 d5 11. e5 Ne4 12. a3 Nc6 13. Qb3 a5 14. Nc3 Nxc3 15. Qxc3
Qb6 16. Bg5 h6 17. Be3 Bd7 18. Rac1 a4 19. Qd2 Kh7 20. Rc5 e6 21. Rc3 Na5 22.
Qc2 Bb5 23. Bxb5 Qxb5 24. Rc5 Qd7 25. Nd2 Rfc8 26. Qc3 b6 27. Rxc8 Rxc8 28. Qd3
Nc4 1/2-1/2

[Event "43rd Guernsey International Open"]
[Site "?"]
[Date "2017.10.16"]
[Round "2"]
[White "Agustsson, Hafsteinn"]
[Black "Cummins, John"]
[Result "1/2-1/2"]
[WhiteElo "1925"]
[BlackElo "1790"]
[PlyCount "71"]
[EventDate "2017.10.15"]
[EventType "swiss"]
[EventRounds "7"]
[SourceDate "2017.11.01"]
[SourceVersionDate "2017.11.01"]

1. d4 d5 2. c4 c6 3. Nc3 e6 4. Nf3 Nf6 5. Bg5 Be7 6. e3 Nbd7 7. Qc2 dxc4 8.
Bxc4 h6 9. Bh4 Nd5 10. Bxe7 Qxe7 11. e4 N5f6 12. a4 a5 13. O-O O-O 14. Rfe1 Qb4
15. Na2 Qb6 16. Rab1 Qd8 17. Rbd1 b6 18. Nc3 Bb7 19. d5 exd5 20. exd5 cxd5 21.
Nxd5 Nxd5 22. Bxd5 Bxd5 23. Rxd5 Ra7 24. Qc6 Qc7 25. Qxc7 Rxc7 26. Rd6 Rb8 27.
Nd4 Nf6 28. Nc6 Ra8 29. f3 Kf8 30. Nd4 Rd7 31. Nf5 Rxd6 32. Nxd6 Nd7 33. Nc4
Rb8 34. Re3 Nc5 35. b3 Re8 36. Kf2 1/2-1/2

[Event "43rd Guernsey International Open"]
[Site "?"]
[Date "2017.10.16"]
[Round "2"]
[White "Hoogland, Rob"]
[Black "Murray, J Stephen"]
[Result "0-1"]
[WhiteElo "1915"]
[BlackElo "1763"]
[PlyCount "92"]
[EventDate "2017.10.15"]
[EventType "swiss"]
[EventRounds "7"]
[SourceDate "2017.11.01"]
[SourceVersionDate "2017.11.01"]

1. d4 Nf6 2. c4 e6 3. Nc3 d5 4. cxd5 exd5 5. Bg5 Be7 6. e3 c6 7. Bd3 Nbd7 8.
Nge2 Nf8 9. Qc2 Ne6 10. Bh4 g6 11. O-O Ng7 12. f3 O-O 13. Rad1 Nfh5 14. Bxe7
Qxe7 15. e4 dxe4 16. fxe4 Bg4 17. Rf2 f5 18. e5 Ne8 19. Bc4+ Kh8 20. Rd3 Bxe2
21. Nxe2 Rd8 22. Rh3 Nc7 23. Qc1 Nd5 24. a3 c5 25. dxc5 Qxe5 26. Bxd5 Qxd5 27.
b4 Qd1+ 28. Qxd1 Rxd1+ 29. Rf1 Rfd8 30. Re3 Rxf1+ 31. Kxf1 Rd7 32. Kf2 Nf6 33.
Nc3 Ng4+ 34. Ke2 Nxe3 35. Kxe3 Kg7 36. Nb5 a6 37. Nd6 Kf6 38. a4 Ke6 39. Nc4 g5
40. Nb6 Rd1 41. b5 axb5 42. axb5 Rb1 43. Na8 Kd5 44. c6 bxc6 45. Nc7+ Kd6 46.
Ne8+ Kc5 0-1

[Event "43rd Guernsey International Open"]
[Site "?"]
[Date "2017.10.16"]
[Round "2"]
[White "Cook, Chris"]
[Black "Burton, Ronnie"]
[Result "1-0"]
[WhiteElo "1771"]
[BlackElo "1911"]
[PlyCount "63"]
[EventDate "2017.10.15"]
[EventType "swiss"]
[EventRounds "7"]
[SourceDate "2017.11.01"]
[SourceVersionDate "2017.11.01"]

1. d4 Nf6 2. c4 g6 3. Nc3 Bg7 4. e4 d6 5. f3 b6 6. Be3 Bb7 7. Bd3 Nbd7 8. Nge2
h5 9. Qd2 c5 10. O-O-O Rc8 11. d5 Ne5 12. h3 h4 13. f4 Nxd3+ 14. Qxd3 Qd7 15.
Rhf1 Rh5 16. Ng1 a6 17. Nf3 Nh7 18. Rde1 b5 19. e5 dxe5 20. fxe5 Bxe5 21. Bxc5
bxc4 22. Nxe5 Rxe5 23. Qd4 Rxe1+ 24. Rxe1 Rxc5 25. Qxc5 Nf6 26. d6 e6 27. Qe5
Bxg2 28. Qxf6 Qxd6 29. Rd1 Qc7 30. Qh8+ Ke7 31. Qxh4+ Ke8 32. Ne4 1-0

[Event "43rd Guernsey International Open"]
[Site "?"]
[Date "2017.10.17"]
[Round "3"]
[White "Le Roux, Jean Pierre"]
[Black "Timmermans, Ivo"]
[Result "1-0"]
[WhiteElo "2554"]
[BlackElo "2126"]
[PlyCount "111"]
[EventDate "2017.10.15"]
[EventType "swiss"]
[EventRounds "7"]
[SourceDate "2017.11.01"]
[SourceVersionDate "2017.11.01"]

1. e4 e5 2. Bc4 Nf6 3. d3 Nc6 4. Nf3 Bc5 5. c3 a6 6. Nbd2 d6 7. Bb3 Ba7 8. Nf1
Ne7 9. Ng3 h6 10. d4 exd4 11. cxd4 d5 12. e5 Ne4 13. Bc2 Nxg3 14. hxg3 c5 15.
dxc5 Bxc5 16. O-O Bg4 17. b4 Ba7 18. Bb2 O-O 19. Qd2 Qd7 20. Nh4 Rac8 21. Rac1
Rfd8 22. Rfe1 Nf5 23. Bxf5 Bxf5 24. Bd4 Bxd4 25. Qxd4 Bc2 26. Nf3 Rc4 27. Qd2
Qa4 28. e6 fxe6 29. Nd4 Bg6 30. Nxe6 Rxc1 31. Rxc1 Re8 32. Nc7 Rd8 33. Ne6 Re8
34. Nf4 Bf7 35. Rc7 d4 36. Qxd4 Qxa2 37. Kh2 Qb1 38. Qd7 Qb3 39. Qd4 Qb1 40.
Qd7 Qb3 41. Rxb7 Qc4 42. Rc7 Qb3 43. f3 Qa2 44. Qg4 Qa1 45. Qf5 Qa2 46. g4 Qb3
47. Ng6 Qe6 48. Qxe6 Bxe6 49. Rb7 Bf7 50. Ne7+ Kf8 51. Nf5 Bd5 52. Rxg7 Re5 53.
Rg6 h5 54. Rf6+ Kg8 55. gxh5 Be6 56. g4 1-0

[Event "43rd Guernsey International Open"]
[Site "?"]
[Date "2017.10.17"]
[Round "3"]
[White "Purdon, Colin"]
[Black "Hillarp Persson, Tiger"]
[Result "0-1"]
[WhiteElo "2047"]
[BlackElo "2517"]
[PlyCount "102"]
[EventDate "2017.10.15"]
[EventType "swiss"]
[EventRounds "7"]
[SourceDate "2017.11.01"]
[SourceVersionDate "2017.11.01"]

1. d4 Nf6 2. c4 c5 3. d5 e6 4. Nc3 exd5 5. cxd5 d6 6. Nf3 g6 7. Nd2 Bg7 8. e4
O-O 9. Be2 Nbd7 10. O-O Re8 11. Re1 a6 12. a4 b6 13. Qc2 Rb8 14. Nc4 Ne5 15.
Nxe5 Rxe5 16. Bf4 Re8 17. h3 Nh5 18. Bxh5 gxh5 19. Qe2 Qf6 20. Bh2 Qg6 21. Qf3
b5 22. axb5 axb5 23. Qg3 b4 24. Qxg6 hxg6 25. Na4 Be5 26. Bxe5 Rxe5 27. f4 Re7
28. b3 Ra7 29. Nb2 Ra3 30. Nc4 Rxb3 31. Nxd6 Rd3 32. Rec1 b3 33. Rxc5 Ba6 34.
Rb1 b2 35. Ra5 Rc3 36. Rxb2 Rxb2 37. Rxa6 Rc1+ 38. Kh2 Rcc2 39. Kg3 Rxg2+ 40.
Kf3 Rh2 41. Ke3 Rb4 42. Ra8+ Kg7 43. f5 Kf6 44. Ra7 Rxh3+ 45. Kf2 Rb2+ 46. Kg1
Rg3+ 47. Kh1 Rc3 48. Ra1 Rcc2 49. fxg6 fxg6 50. Re1 Re2 51. e5+ Kxe5 0-1

[Event "43rd Guernsey International Open"]
[Site "?"]
[Date "2017.10.17"]
[Round "3"]
[White "Enkhtuul, Altan Ulzii"]
[Black "Prins, Jan"]
[Result "0-1"]
[WhiteElo "2327"]
[BlackElo "2025"]
[PlyCount "136"]
[EventDate "2017.10.15"]
[EventType "swiss"]
[EventRounds "7"]
[SourceDate "2017.11.01"]
[SourceVersionDate "2017.11.01"]

1. d4 d5 2. g3 c6 3. Bg2 Nf6 4. Nd2 Bf5 5. Ngf3 e6 6. O-O Qb6 7. c3 Nbd7 8. a4
a5 9. Nh4 Bg6 10. Nxg6 hxg6 11. e4 dxe4 12. Nxe4 Nxe4 13. Bxe4 Nf6 14. Bg2 Be7
15. Qe2 O-O 16. Bg5 Rfe8 17. h4 Qd8 18. Rad1 Nd5 19. Bc1 Bf6 20. Rfe1 Qd7 21.
Qg4 b5 22. axb5 cxb5 23. Be4 Rac8 24. Bd3 Qc6 25. Qe2 Rb8 26. Qf3 a4 27. Be4
Qc4 28. Kg2 Red8 29. Rh1 b4 30. cxb4 Rxb4 31. h5 gxh5 32. Rxh5 Kf8 33. Bd2 Rb3
34. Bxd5 Rxd5 35. Be3 Rxh5 36. Qxh5 Qd5+ 37. Qxd5 exd5 38. Rd2 Rb4 39. Kf3 Ke7
40. g4 g6 41. Ke2 Kd6 42. Bf4+ Kc6 43. Rc2+ Rc4 44. Kd3 Rxc2 45. Kxc2 Bxd4 46.
f3 Kc5 47. Bb8 Kc4 48. Bd6 Bb6 49. f4 Ba5 50. Be5 d4 51. f5 gxf5 52. gxf5 Kd5
53. Bg7 Ke4 54. Kd1 Bc7 55. Ke2 d3+ 56. Kf2 Bb6+ 57. Ke1 Kxf5 58. Kd2 Ke4 59.
Bf8 Bd4 60. Kc1 f5 61. Ba3 f4 62. Bd6 f3 63. Bg3 f2 64. Bxf2 Bxf2 65. Kd2 Bd4
66. Kc1 Ke3 67. b4 Ke2 68. Kb1 d2 0-1

[Event "43rd Guernsey International Open"]
[Site "?"]
[Date "2017.10.17"]
[Round "3"]
[White "Mack, Wolfgang"]
[Black "Hewson, Brian WR"]
[Result "1-0"]
[WhiteElo "2149"]
[BlackElo "1995"]
[PlyCount "83"]
[EventDate "2017.10.15"]
[EventType "swiss"]
[EventRounds "7"]
[SourceDate "2017.11.01"]
[SourceVersionDate "2017.11.01"]

1. c4 e5 2. g3 Nf6 3. Bg2 d5 4. cxd5 Nxd5 5. Nc3 Nb6 6. Nf3 Nc6 7. O-O Be7 8.
a3 a5 9. d3 O-O 10. Be3 Be6 11. Rc1 Nd5 12. Nxd5 Bxd5 13. Bc5 Re8 14. Bxe7 Rxe7
15. Re1 Rd7 16. Qa4 Ra6 17. Rc5 g6 18. Rb5 Rb6 19. Rxb6 cxb6 20. Kf1 Rd6 21.
Rc1 Qe7 22. Nd2 Bxg2+ 23. Kxg2 Qg5 24. Qd1 Qd8 25. Ne4 Rd4 26. Kg1 Kg7 27. Nc3
h5 28. Nb5 Rd5 29. Qb3 h4 30. Rc4 hxg3 31. hxg3 Nd4 32. Nxd4 exd4 33. Qc2 Rd7
34. b4 Qe7 35. Qb2 Qf6 36. Kf1 g5 37. bxa5 bxa5 38. Qb5 Re7 39. Qd5 Qe5 40.
Qxd4 b5 41. Qxe5+ Rxe5 42. Rc6 1-0

[Event "43rd Guernsey International Open"]
[Site "?"]
[Date "2017.10.17"]
[Round "3"]
[White "Munshi, Aditya"]
[Black "Johnsen, Gunnar"]
[Result "0-1"]
[WhiteElo "1986"]
[BlackElo "2178"]
[PlyCount "46"]
[EventDate "2017.10.15"]
[EventType "swiss"]
[EventRounds "7"]
[SourceDate "2017.11.01"]
[SourceVersionDate "2017.11.01"]

1. e4 e6 2. d4 d5 3. Nd2 Nc6 4. Ngf3 Nf6 5. e5 Nd7 6. Bd3 Nb4 7. Be2 c5 8. c3
Nc6 9. O-O g6 10. Re1 Bg7 11. Nf1 O-O 12. h4 cxd4 13. cxd4 f6 14. exf6 Nxf6 15.
Bd3 Qb6 16. Bc2 Bd7 17. Ng3 Ng4 18. h5 Bxd4 19. Ng5 Nxf2 20. Qe2 Ne4+ 21. Kh2
Nxg3 22. Qg4 Qc7 23. Kh3 gxh5 0-1

[Event "43rd Guernsey International Open"]
[Site "?"]
[Date "2017.10.17"]
[Round "3"]
[White "Jackson, Oliver A"]
[Black "Kirby, Peter J"]
[Result "1-0"]
[WhiteElo "2168"]
[BlackElo "1996"]
[PlyCount "67"]
[EventDate "2017.10.15"]
[EventType "swiss"]
[EventRounds "7"]
[SourceDate "2017.11.01"]
[SourceVersionDate "2017.11.01"]

1. e4 c5 2. Nc3 e6 3. f4 d5 4. Nf3 dxe4 5. Nxe4 Nf6 6. Nxf6+ Qxf6 7. g3 Nc6 8.
Bg2 g6 9. O-O Bg7 10. d3 O-O 11. c3 Qe7 12. Qe2 Rb8 13. Be3 Rd8 14. Ng5 Bd7 15.
g4 f6 16. Ne4 b6 17. Rae1 e5 18. f5 gxf5 19. gxf5 Kh8 20. Ng3 Qf7 21. b3 Ne7
22. Be4 Bc6 23. Rf2 Rg8 24. Rg2 Nd5 25. Bd2 Nf4 26. Bxf4 Bxe4 27. Nxe4 exf4 28.
Nd6 Qf8 29. Qe6 h6 30. Qd7 Kh7 31. Re7 Rd8 32. Qe6 a5 33. a4 f3 34. Rg6 1-0

[Event "43rd Guernsey International Open"]
[Site "?"]
[Date "2017.10.17"]
[Round "3"]
[White "Van den Boogaart, Jan Maarten"]
[Black "Whatley, Stephen AJ"]
[Result "0-1"]
[WhiteElo "1991"]
[BlackElo "2159"]
[PlyCount "64"]
[EventDate "2017.10.15"]
[EventType "swiss"]
[EventRounds "7"]
[SourceDate "2017.11.01"]
[SourceVersionDate "2017.11.01"]

1. d4 f5 2. c4 Nf6 3. Nc3 d6 4. Nf3 g6 5. g3 Bg7 6. Bg2 c6 7. O-O O-O 8. e3 Na6
9. Rb1 Qe8 10. b4 h6 11. b5 Nc7 12. bxc6 bxc6 13. Ba3 g5 14. Nd2 f4 15. Qa4 d5
16. cxd5 Ncxd5 17. Nxd5 cxd5 18. Qxe8 Rxe8 19. gxf4 gxf4 20. e4 Ba6 21. Rfe1
Rad8 22. e5 Ne4 23. Nxe4 dxe4 24. Bxe4 Rxd4 25. Bg6 Rc8 26. Bxe7 f3 27. h3 Be2
28. Bd6 Bf8 29. Bxf8 Kxf8 30. e6 Rc5 31. Bf7 Rg5+ 32. Kh1 Rh4 0-1